书目信息 |
| 题名: |
悲伤长了翅膀
|
|
| 作者: | 波特 著 ;李静宜 译 | |
| 分册: | ||
| 出版信息: | 南京 江苏凤凰文艺出版社 2019.11 |
|
| 页数: | 229页 | |
| 开本: | 20cm | |
| 丛书名: | ||
| 单 册: | ||
| 中图分类: | I561.55 | |
| 科图分类: | ||
| 主题词: | 回忆录--hui yi lu--英国--现代 | |
| 电子资源: | ||
| ISBN: | 978-7-5594-2021-3 | |
| 000 | 01086nam0 2200253 450 | |
| 001 | 202020139897 | |
| 005 | 20200926181351.0 | |
| 010 | @a978-7-5594-2021-3@b精装@dCNY58.00 | |
| 100 | @a20200917d2019 em y0chiy50 ea | |
| 101 | 1 | @achi@ceng |
| 102 | @aCN@b320000 | |
| 105 | @aa z 000zd | |
| 106 | @ar | |
| 200 | 1 | @a悲伤长了翅膀@Abei shang zhang le chi bang@f(英) 麦克斯·波特著@d= Grief is the thing with feathers@fMax Porter@g李静宜译@zeng |
| 210 | @a南京@c江苏凤凰文艺出版社@d2019.11 | |
| 215 | @a229页@c彩图@d20cm | |
| 330 | @a本书主轴宛若一部直线式叙事的悲伤回忆录, 某个家庭成员突然过世, 全家人的世界陷入地动天摇, 波特刻意不点明女主人的死因, 为父亲与两个小男孩轮流发声, 用散文和诗歌的形式, 描绘出每一个角色独特的感伤思路。他们慢慢从到丧母或丧妻伤痛之中走了出来, 充满感情的结局让人揪心不已。 | |
| 500 | 10 | @aGrief is the thing with feathers@mChinese |
| 606 | 0 | @a回忆录@Ahui yi lu@y英国@z现代 |
| 690 | @aI561.55@v5 | |
| 701 | 1 | @a波特@Abo te@g(Porter, Max)@4著 |
| 702 | 0 | @a李静宜@Ali jing yi@4译 |
| 801 | 0 | @aCN@c20191119 |
| 905 | @a河南城建学院图书馆@dI561.55@eB871 | |
| 悲伤长了翅膀/(英) 麦克斯·波特著= Grief is the thing with feathers/Max Porter/李静宜译.-南京:江苏凤凰文艺出版社,2019.11 |
| 229页:彩图;20cm |
| ISBN 978-7-5594-2021-3(精装):CNY58.00 |
| 本书主轴宛若一部直线式叙事的悲伤回忆录, 某个家庭成员突然过世, 全家人的世界陷入地动天摇, 波特刻意不点明女主人的死因, 为父亲与两个小男孩轮流发声, 用散文和诗歌的形式, 描绘出每一个角色独特的感伤思路。他们慢慢从到丧母或丧妻伤痛之中走了出来, 充满感情的结局让人揪心不已。 |
| ● |
| 相关链接 |
|
|
|
正题名:悲伤长了翅膀
索取号:I561.55/B871
 
预约/预借
| 序号 | 登录号 | 条形码 | 馆藏地/架位号 | 状态 | 备注 |
| 1 | 1489980 | 214899804 | 文学库116/116文学库 22排1列5层/ [索取号:I561.55/B871] | 在馆 | |
| 2 | 1489981 | 214899813 | 文学库116/116文学库 22排1列5层/ [索取号:I561.55/B871] | 在馆 |